Engineering of fast reactors for safe and reliable operation: international conference ; proceedings /

Bibliographic Details
Corporate Author: Germany (West). Bundesministerium für Bildung und Wissenschaft
Other Authors: Faude, D.
Format: Book
Language:English
French
German
Russian
Published: Karlsruhe : Gesellschaft fur Kernforschung, 1973.
Subjects:

MARC

Tag First Indicator Second Indicator Subfields
LEADER 00000cam a2200000 4500
001 in00000102016
005 20150924161756.0
008 740129s1973 gw a b 10100 eng
010 |a  73181546  
015 |a GFR*** 
035 |a (OCoLC)00828073 
035 |9 AAL1428AM 
040 |a DLC  |c DLC  |d TXA  |d UtOrBLW 
041 0 |a eng  |a fre  |a ger  |a rus 
049 |a TXAM  |v 1 [717424]  |v 2 [717425]  |v 3 [717426] 
050 0 0 |a TK9203.F3  |b E53 
082 0 |a 621.48/34 
245 0 0 |a Engineering of fast reactors for safe and reliable operation: international conference ;  |b proceedings /  |c Sponsored by Bundesministerium fur Bildung und Wissenschaft, Bonn, in cooperation with Gesellschaft fur Kernforschung M.B.H., Karlsruhe, and Kerntechnische Gesellschaft im Deutschen Atomforum E. V., Bonn. With scientific collaboration of IAEA International Working Group on Fast Reactors, Wien. Edited by D. Faude. 
264 1 |a Karlsruhe :  |b Gesellschaft fur Kernforschung,  |c 1973. 
300 |a 3 volumes (1484 pages) :  |b illustrations ;  |c 30 cm. 
336 |a text  |b txt  |2 rdacontent 
337 |a unmediated  |b n  |2 rdamedia 
338 |a volume  |b nc  |2 rdacarrier 
500 |a Conference held at the Kernforschungszentrum Karlsruhe, October 9-13, 1972. 
500 |a English, French, German, or Russian. 
504 |a Includes bibliographical references. 
650 0 |a Fast reactors  |x Congresses. 
700 1 |a Faude, D. 
710 1 |a Germany (West).  |b Bundesministerium für Bildung und Wissenschaft. 
999 |a MARS 
999 f f |s fd6102e3-1621-3d2c-9ed7-2322721c6cb0  |i 252f5e2e-99cb-3263-a4f8-18ec42d7e158  |t 0 
952 f f |p ric  |a Texas A&M University  |b Rellis Campus  |c Joint Library Facility  |d Remote Storage  |t 0  |e TK9203.F3 E53  |h Library of Congress classification  |i unmediated -- volume  |k v.1  |m A14805517415 
952 f f |p ric  |a Texas A&M University  |b Rellis Campus  |c Joint Library Facility  |d Remote Storage  |t 0  |e TK9203.F3 E53  |h Library of Congress classification  |i unmediated -- volume  |k v.3  |m A14805517431 
952 f f |p ric  |a Texas A&M University  |b Rellis Campus  |c Joint Library Facility  |d Remote Storage  |t 0  |e TK9203.F3 E53  |h Library of Congress classification  |i unmediated -- volume  |k v.2  |m A14805517423 
998 f f |a TK9203.F3 E53  |s v.1-v.3  |t 0  |l Remote Storage